| Tag |
First Indicator |
Second Indicator |
Subfields |
| LEADER |
00000cam a2200000 a 4500 |
| 001 |
in00002417639 |
| 005 |
20151110092219.0 |
| 008 |
080612s2008 enka 000 0 eng |
| 015 |
|
|
|a GBA891939
|2 bnb
|
| 016 |
7 |
|
|a 014675226
|2 Uk
|
| 020 |
|
|
|a 9781906155544 (pbk.)
|
| 020 |
|
|
|a 1906155542 (pbk.)
|
| 029 |
1 |
|
|a NZ1
|b 12545414
|
| 035 |
|
|
|a (OCoLC)ocn191927290
|
| 035 |
|
|
|a (OCoLC)191927290
|
| 040 |
|
|
|a UKM
|c UKM
|d BTCTA
|d BAKER
|d YDXCP
|d C#P
|d BWK
|d BWX
|d CDX
|d IXA
|d UtOrBLW
|
| 049 |
|
|
|a TXAM
|
| 050 |
|
4 |
|a HM646
|b .C58 2008
|
| 082 |
0 |
4 |
|a 306.1
|2 22
|
| 245 |
0 |
0 |
|a Club kids :
|b from speakeasies to Boombox and beyond /
|c [edited by Raven Smith].
|
| 264 |
|
1 |
|a London, UK :
|b Black Dog Pub.,
|c [2008]
|
| 264 |
|
4 |
|c ©2008
|
| 300 |
|
|
|a 157 pages :
|b illustrations (some color) ;
|c 20 x 23 cm.
|
| 336 |
|
|
|a text
|b txt
|2 rdacontent
|
| 337 |
|
|
|a unmediated
|b n
|2 rdamedia
|
| 338 |
|
|
|a volume
|b nc
|2 rdacarrier
|
| 500 |
|
|
|a Statement of responsibility from colophon.
|
| 650 |
|
0 |
|a Subculture.
|
| 650 |
|
0 |
|a Subculture
|v Pictorial works.
|
| 700 |
1 |
|
|a Smith, Raven.
|
| 938 |
|
|
|a Baker and Taylor
|b BTCP
|n BK0007621967
|
| 938 |
|
|
|a Baker & Taylor
|b BKTY
|c 29.95
|d 22.46
|i 1906155542
|n 0007621967
|s active
|
| 938 |
|
|
|a YBP Library Services
|b YANK
|n 100501270
|
| 938 |
|
|
|a Blackwell Book Service UK
|b BBUK
|n L6801974
|c 19.95
|
| 938 |
|
|
|a Blackwell Book Service
|b BBUS
|n R0746477
|c $29.95
|
| 938 |
|
|
|a Coutts Information Services
|b COUT
|n 7257417
|c 29.95 USD
|
| 945 |
|
|
|a PromptCat
|b 675095
|
| 946 |
|
|
|a stk
|
| 947 |
|
|
|a A14839820125
|
| 994 |
|
|
|a 92
|b TXA
|
| 948 |
|
|
|a cataloged
|b h
|d 2009/4/15
|h c
|e asalazar
|f 3:32:38 pm
|
| 999 |
|
|
|a MARS
|
| 999 |
f |
f |
|s 2bdb541f-2e2f-3e70-bcfa-59ad4a079716
|i 085f8bb8-9136-36d1-84e2-44c0cb8ce74c
|t 0
|
| 952 |
f |
f |
|p ric
|a Texas A&M University
|b Rellis Campus
|c Joint Library Facility
|d Remote Storage
|t 0
|e HM646 .C58 2008
|h Library of Congress classification
|i unmediated -- volume
|m A14839820125
|
| 998 |
f |
f |
|a HM646 .C58 2008
|t 0
|l Remote Storage
|